=LDR 00000nam 2200000 4500 =001 INLIS000000000039053 =005 20130612144717 =008 ***********************************ind** =035 ##$$0010-061300000039053 =041 ##$$a ind =082 ##$$a 813 =090 ##$$a 813, Mcl f.1 =100 ##$$a MCLAFFERTY, Megan =245 ##$$a Faurth coming, Megan mclafferty;Alih bahasa,Nurkinanti laraskusuma =260 ##$$a 2011 $b Jakarta =300 ##$$a 423 Hlm, 20 cm =650 ##$$a FIKSI =700 ##$$a LARASKUSUMA,Nurkinanti =850 ##$$a NBPNMAT